000 00334nam a2200133 i 4500
001 bg
100 1 _aPINDLOWA, W.
245 0 _aMetodyka kształcenia użytkowników informacji naukowych /
_cW. Pindlowa.
260 _aWarszawa,
_c1983.
040 _cBPK
041 _apol
942 _cKS
008 s pl f |000 0 pol
999 _c22347
_d22347
856 _uhttp://koha.tu.koszalin.pl/cgi-bin/koha/opac-detail.pl?biblionumber=22347
_yKatalog online BPK